000 00675cab a2200241 4500
001 WB3534-05
008 090401t1999 xxu||||| |||| 00| 0 eng d
035 _a(Sirsi) u173
041 _aeng
245 _aRight place at the right time
260 _c1999
350 _a0
490 _aFinancial Times
_v3 September 1999, 26(1)
650 _aDTZ DEBENHAM THORPE
650 _aPROPERTY-COMMERCIAL PROPERTY-OFFICE PROPERTY-OFFICE PROPERTY MARKET
650 _aREGUS
650 _aSERVICED OFFICES
650 _aSHARE ISSUE
650 _aSURVEYS
690 _aPROPERTY-COMMERCIAL PROPERTY-COMMERCIAL PROPERTY FINANCE AND INVESTMENT
942 _n0
948 _c03/09/1999
999 _c71
_d71